| 000 | 00920nas a2200301 4500 | ||
|---|---|---|---|
| 001 | BR7601891 | ||
| 003 | BR-BrBNA | ||
| 005 | 20231205082945.0 | ||
| 007 | ta | ||
| 008 | 230509b bl.|||p| |||| 00| 00por d | ||
| 040 |
_aBR-BrBNA _bpor _cBiblioteca Nacional de Agricultura |
||
| 041 | _a(Pt) | ||
| 072 | _aL10 | ||
| 100 | 1 | _aSilva Neto, B.C. da | |
| 100 | 1 | _aFerrari, O. | |
| 100 | 1 | _aToledo, J.R. | |
| 100 | 1 | _aCampos, B. do E.S. de | |
| 245 | 1 | _aEstabelecimento da estacao de cobertura para ovinos corriedale no sul do Estado de Sao Paulo [Brasil] | |
| 650 | _aMelhoramento genetico animal | ||
| 650 | _aOvino | ||
| 650 | _aCorriedale | ||
| 650 | _aAcasalamento | ||
| 650 | _aReproducao animal | ||
| 650 | _aSao Paulo | ||
| 773 | 0 |
_tBoletim de Industria Animal (brazil) _xISSN 0067-9615 _g(Jan 1976), v. 33(1) p. 145-152 _wBR7601891 |
|
| 909 |
_a202311 _bLúcia _c55 _dLúcia Elande |
||
| 942 |
_2AGRIS _n0 _cANA |
||
| 999 |
_c95369 _d95369 |
||